| 000 | 00556nam a22001937a 4500 | ||
|---|---|---|---|
| 005 | 20140108155311.0 | ||
| 010 | _aENG-109029 | ||
| 020 |
_a9788183164382 _c500.00 |
||
| 035 | _aEN-92562 | ||
| 037 | _bDBAD/PUB | ||
| 082 | _a485 | ||
| 100 | _aHariprasad, M. | ||
| 245 |
_aCommunicative English / _cby M. Hariprasad; edited by V. Prakasam |
||
| 260 |
_aHyderabad _bNeelkamal Publications _c2014 |
||
| 270 |
_aSultan Bazar _bHyderabad _e500095 |
||
| 300 |
_aviii,183p. _c23cm(Hb) |
||
| 700 | _aPrakasam, V. | ||
| 942 |
_2ddc _cEN _mHAR _h485 |
||
| 999 |
_c81677 _d81677 |
||